Guess the Taylor Swift Song (no hints) 76 - Statistics

General Stats
  • This quiz has been taken 107 times
  • The average score is 275 of 383
Answer Stats
Answer % Correct
I
100%
(I)
100%
you
97%
you,
97%
You
97%
you)
97%
(you
97%
a
94%
it
94%
(it
94%
me
93%
me,
93%
it's
91%
the
91%
that
90%
your
90%
And
88%
and
88%
is
88%
my
87%
You're
86%
be
84%
I'm
84%
in
84%
love
83%
love,
83%
(Love)
83%
like
81%
But
80%
do
80%
know
80%
to
80%
Where
80%
of
78%
so
78%
one
77%
are
74%
I'll
74%
all
72%
If
72%
this
72%
at
71%
could
71%
Could
71%
for
71%
By
70%
can
68%
see
65%
how
64%
How
64%
'Cause
62%
ever
62%
now
62%
here
61%
here,
61%
can't
58%
dream
52%
night
52%
night)
52%
down
51%
gets
51%
bottle
49%
Message
49%
Standin'
49%
standin'
49%
hopin'
48%
again?
46%
waitin',
45%
waitin'
45%
you've
45%
away
43%
far
43%
(yeah,
43%
yeah)
43%
time
42%
kinda
41%
sleep
41%
eyes
39%
Feelin'
39%
frightenin'
39%
Look
39%
reason
39%
These
39%
face
38%
London?
38%
(London)
38%
freckles
36%
hypnotized
36%
keep,
36%
Standing
36%
tied
36%
wonderin'
36%
(wonderin')
36%
crowd
35%
days
35%
terrified
35%
Tongue
35%
bright
33%
reachin'
32%
while
32%
made
30%
became
29%
endless
25%
Work
23%
Disaster
22%
faster
22%
laughter
22%
restless
22%
moves
20%
Replaying
20%
mm-mm
17%
No matching quizzes found
Score Distribution
Percent of People with Each Score
Percentile by Number Answered
Your Score History
You have not taken this quiz